New England / New Spain (Record no. 8514)

MARC details
000 -CABECERA
campo de control de longitud fija 01024nam a2200241 a 4500
001 - NÚMERO DE CONTROL
campo de control BRCA_8863
005 - FECHA Y HORA DE LA ÚLTIMA TRANSACCIÓN
campo de control 20190320210435.0
008 - DATOS DE LONGITUD FIJA--INFORMACIÓN GENERAL
campo de control de longitud fija 140617s2016----u--a######---#000-0#eng-#
020 ## - NÚMERO INTERNACIONAL ESTÁNDAR DEL LIBRO
Número Internacional Estándar del Libro 9780914738503
041 ## - CÓDIGO DE LENGUA
Código de lengua del texto/banda sonora o título independiente eng
044 ## - CÓDIGO DEL PAÍS DE LA ENTIDAD EDITORA/PRODUCTORA
Código MARC del país u
050 #4 - SIGNATURA TOPOGRÁFICA DE LA BIBLIOTECA DEL CONGRESO
Número de clasificación N7593
Número de documento/Ítem .N48 2016
245 10 - MENCIÓN DE TÍTULO
Título New England / New Spain
Resto del título portraiture in the colonial americas, 1492-1850 : papers from the 2014 Mayer Center Symposium at the Denver Art Museum
Mención de responsabilidad, etc. edited by Donna Pierce.
260 ## - PUBLICACIÓN, DISTRIBUCIÓN, ETC.
Lugar de publicación, distribución, etc. Denver, CO
Nombre del editor, distribuidor, etc. Denver Art Museum
Fecha de publicación, distribución, etc. 2016
300 ## - DESCRIPCIÓN FÍSICA
Extensión 223 p.
Otras características físicas il. a color
Dimensiones 28 cm.
440 #0 - MENCIÓN DE SERIE/PUNTO DE ACCESO ADICIONAL--TÍTULO
Título Symposium series (Frederick and Jan Mayer Center for Pre-Columbian and Spanish Colonial Art at the Denver Art Museum 2014)
9 (RLIN) 22071
650 14 - PUNTO DE ACCESO ADICIONAL DE MATERIA--TÉRMINO DE MATERIA
Término de materia o nombre geográfico como elemento de entrada Retratos coloniales
Subdivisión de forma Congresos
Subdivisión geográfica Estados Unidos
9 (RLIN) 22072
650 14 - PUNTO DE ACCESO ADICIONAL DE MATERIA--TÉRMINO DE MATERIA
Término de materia o nombre geográfico como elemento de entrada Retratos coloniales
Subdivisión de forma Congresos
Subdivisión geográfica Nueva España
9 (RLIN) 22073
650 14 - PUNTO DE ACCESO ADICIONAL DE MATERIA--TÉRMINO DE MATERIA
Término de materia o nombre geográfico como elemento de entrada Retratos americanos
Subdivisión de forma Congresos
9 (RLIN) 22074
650 14 - PUNTO DE ACCESO ADICIONAL DE MATERIA--TÉRMINO DE MATERIA
Término de materia o nombre geográfico como elemento de entrada Pintura de retratos coloniales
Subdivisión de forma Congresos
Subdivisión geográfica Estados Unidos
9 (RLIN) 22075
700 1# - PUNTO DE ACCESO ADICIONAL--NOMBRE DE PERSONA
Nombre de persona Pierce, Donna
Término indicativo de función/relación ed.
9 (RLIN) 22076
942 ## - ELEMENTOS DE PUNTO DE ACCESO ADICIONAL (KOHA)
Fuente del sistema de clasificación o colocación Library of Congress Classification
Tipo de ítem Koha Libros
Holdings
Estado de retiro Estado de pérdida Estado dañado No para préstamo Localización permanente Ubicación/localización actual Fecha de adquisición Total de préstamos Signatura topográfica completa Código de barras Fecha visto por última vez Precio válido a partir de Tipo de ítem Koha
El ejemplar forma parte de la colección y puede ser consultado según las políticas vigentes.       Biblioteca del Museo Franz Mayer (Rogerio Casas-Alatriste) Biblioteca del Museo Franz Mayer (Rogerio Casas-Alatriste) 02/06/2017   N7593 .N48 2016 02949 22/03/2019 22/03/2019 Libros